Obras poéticas completas / (Record no. 125499)
[ view plain ]
| 000 -LEADER | |
|---|---|
| campo de control de longitud fija | 00858nam a2200265 i 4500 |
| 001 - NÚMERO DE CONTROL | |
| campo de control | 125499 |
| 003 - IDENTIFICADOR DE NÚMERO DE CONTROL | |
| campo de control | ES-MaACL |
| 005 - FECHA Y HORA DE LA ÚLTIMA TRANSACCIÓN | |
| campo de control | 20231224062928.0 |
| 007 - CAMPO FIJO DE DESCRIPCIÓN FÍSICA--INFORMACIÓN GENERAL | |
| campo de control de longitud fija | t| |
| 008 - DATOS DE LONGITUD FIJA--INFORMACIÓN GENERAL | |
| campo de control de longitud fija | 070614s1972 sp ||||1| spa d |
| 020 ## - NÚMERO INTERNACIONAL ESTÁNDAR DEL LIBRO | |
| Número Internacional Estándar del Libro | 84-03-05056-9 |
| 080 ## - NÚMERO DE LA CLASIFICACIÓN DECIMAL UNIVERSAL | |
| Número de la Clasificación Decimal Universal | 821.134.2-14"18" |
| 100 1# - ENTRADA PRINCIPAL--NOMBRE DE PERSONA | |
| Nombre de persona | Espronceda, José de, |
| Fechas asociadas al nombre | 1808-1842 |
| 9 (RLIN) | 47951 |
| 245 10 - MENCIÓN DEL TÍTULO | |
| Título | Obras poéticas completas / |
| Mención de responsabilidad, etc. | José de Espronceda ; con un estudio preliminar y notas de Juan José Domenchina. |
| 250 ## - MENCION DE EDICION | |
| Mención de edición | 5ª ed. |
| 260 ## - PUBLICACIÓN, DISTRIBUCIÓN, ETC. | |
| Lugar de publicación, distribución, etc. | Madrid : |
| Nombre del editor, distribuidor, etc. | Aguilar, |
| Fecha de publicación, distribución, etc. | 1972. |
| 300 ## - DESCRIPCIÓN FÍSICA | |
| Extensión | 781 p. ; |
| Dimensiones | 14 cm. |
| 490 1# - MENCIÓN DE SERIE | |
| Mención de serie | Colección Joya |
| 500 ## - NOTA GENERAL | |
| Nota general | Biblioteca Jacinto Martínez Lacalle. |
| 500 ## - NOTA GENERAL | |
| Nota general | Retrato de José Espronceda. |
| 700 1# - ENTRADA AGREGADA--NOMBRE PERSONAL | |
| Nombre de persona | Domenchina, Juan José, |
| Fechas asociadas al nombre | 1898-1959 |
| 9 (RLIN) | 45067 |
| 830 0# - PUNTO DE ACCESO ADICIONAL DE SERIE-TÍTULO UNIFORME | |
| Título uniforme | Colección Joya |
| 9 (RLIN) | 181436 |
| 852 ## - LOCALIZACIÓN | |
| Ubicación | ES-MaACL |
| Número de control de estantería | E-11690 |
| Sublocalización o colección | R.139657 |
| Estatus retirado | Estado de pérdida | Estado de daño | No para préstamo | Biblioteca de origen | Biblioteca actual | Ubicación en estantería | Fecha de adquisición | Fuente de adquisición | Total de préstamos | Signatura topográfica completa | Código de barras | Visto por última vez | Precio de reemplazo | Tipo de ítem Koha |
|---|---|---|---|---|---|---|---|---|---|---|---|---|---|---|
| Biblioteca del Ateneo de Madrid | Biblioteca del Ateneo de Madrid | Depósito 2 | 17/01/2008 | E-11690 | 1130738 | 23/02/2023 | 23/02/2023 | Libro impreso |
